Biblioteca

El que ha de venir (Registro nro. 64623)

Detalles MARC
000 -LÍDER
Campo fijo de descripción fija 01887nam a22004334i 4500
001 - NÚMERO DE CONTROL
Campo de control bimo0001210673
003 - IDENTIFICADOR DEL NÚMERO DE CONTROL
Campo de control SpMaBN
005 - FECHA Y HORA DE LA ULTIMA TRANSACCIÓN
control field 20181012095155.0
008 - ELEMENTOS DE LONGITUD FIJA -- INFORMACIÓN GENERAL
Campo fijo de descripción fija -- Información general 930725s1975 sp spa
017 ## - COPYRIGHT OR LEGAL DEPOSIT NUMBER
Copyright or legal deposit number M 10277-1975
Assigning agency Oficina Depósito Legal Madrid
020 ## - NÚMERO INTERNACIONAL NORMALIZADO PARA LIBROS
Número Internacional Normalizado del libro 8470713744
040 ## - FUENTE DE CATALOGACIÓN
Agencia de catalogación original SpMaBN
Idioma de catalogación spa
Agencia que realiza la transcripción CO-MdFUSB
Agencia que realiza la modificación CO-MdFUSBC
Convenciones de la descripción rda
041 ## - CÓDIGO DE IDIOMA
Código de idioma para texto/pista de sonido o título separado spa
080 #0 - UNIVERSAL DECIMAL CLASSIFICATION NUMBER
Universal Decimal Classification number 232.1
082 ## - NÚMERO DE CLASIFICACIÓN DECIMAL DEWEY
Número de la edición del Dewey 23
Número de clasificación 232.12
Clave de autor-Numero de item M936
100 1# - ASIENTO PRINCIPAL--NOMBRE PERSONAL
Nombre personal Mowinckel, Sigmund Olaf Plytt
Término relacionador autor
240 ## - TITULO UNIFORME
Título uniforme <a href="Han som Kommer">Han som Kommer</a>
245 13 - TÍTULO
Título del Material El que ha de venir
Parte restante del título - Subtitulo : Mesianismo y Mesías
Mención de responsabilidad, etc. / Sigimund Mowinckel ; traductor Luis Gómez
264 ## - PRODUCCIÓN, PUBLICACIÓN, DISTRIBUCIÓN, MANUFACTURA, Y COPYRIGHT
Lugar de producción, publicación, distribución, manufactura Madrid, España :
Nombre del productor, publicador, distribuidor Fax,
Fecha de producción, publicación, distribución, manufactura, o copyright ℗[1975]
300 ## - DESCRIPCIÓN FÍSICA
Extensión 556 páginas ;
Dimensiones 22 cm
336 ## - TIPO DE CONTENIDO
Fuente rdacontent
Término de tipo de contenido texto
Código de tipo de contenido txt
337 ## - TIPO DE MEDIO
Fuente rdamedia
Nombre del tipo de medio sin mediación
Código del tipo de medio n
338 ## - TIPO DE SOPORTE
Fuente rdacarrier
Nombre del tipo de soporte volumen
Código Tipo de soporte nc
490 1# - MENCIÓN DE SERIE
Mención de serie Actualidad Bíblíca
500 ## - NOTA GENERAL
Nota General El original noruego de esta obra fue publicado en 1951 por G.E.C. Gad, de Copenague, bajo el título Han som kommer.<br/>
504 ## - NOTA DE BIBLIOGRAFÍA, ETC.
Nota de bibliografía, etc Incluye notas adicionales (página 491)<br/>Incluye índice bíblico (página 511)<br/>Incluye índice de autores (página 540)<br/>Incluye índice de conceptos (página 546)
505 ## - NOTA DE CONTENIDO
Nota de contenido con formato preestablecido Prefacio del autor a la edición inglesa -- Índice sistemático -- Abreviaturas -- Bibliografía -- Primera parte. El Rey futuro en la primitiva escatología judaica -- Segunda parte. El Mesías en el judaísmo tardío
563 ## - NOTA DE ENCUADERNACIÓN
Nota de encuadernación Tapa rústica
650 #7 - ASIENTO SECUNDARIO DE MATERIA - TERMINO TEMÁTICO
Término temático o nombre geográfico como elemento de entrada Mesías
Subdivisión general Profecías
700 ## - ASIENTO SECUNDARIO - NOMBRE PERSONAL
Nombre personal Gómez, Luis
Responsabilidad traductor
830 ## - PUNTO DE ACCESO ADICIONAL DE SERIE - TÍTULO UNIFORME
Título uniforme Actualidad Bíblíca
Designación de volumen o secuencia Vol. 38
942 ## - TIPO DE MATERIAL (KOHA)
Tipo de Item KOHA Libros General
956 ## - LOCAL ELECTRONIC LOCATION AND ACCESS (OCLC)
Host name 1 2
980 ## - EQUIVALENCE OR CROSS-REFERENCE-SERIES STATEMENT--PERSONAL NAME/TITLE [LOCAL, CANADA]
Personal name M-BN
Numeration BNMADRID
Attribution qualifier 4/122281
Titles and other words associated with a name SG_RECOLET
980 ## - EQUIVALENCE OR CROSS-REFERENCE-SERIES STATEMENT--PERSONAL NAME/TITLE [LOCAL, CANADA]
Personal name M 10277-1975
-- 84-7071-374-4
-- M-BN
Numeration BNALCALA
Attribution qualifier AHM/578425
Dates associated with a name 232 MOW ELQU
Titles and other words associated with a name SALA_ALC
980 ## - EQUIVALENCE OR CROSS-REFERENCE-SERIES STATEMENT--PERSONAL NAME/TITLE [LOCAL, CANADA]
Personal name M-BN
Numeration BNALCALA
Attribution qualifier DL/37725
Titles and other words associated with a name CONSERVACI
Existencias
Estado de Material Estado de Perdido Forma de Clasificación Estado de Dañado No para Préstamo Colección Biblioteca de Origen Biblioteca Permanente Fecha de Adquisición Total de Préstamos Signatura Topográfica Código de Barras Última vez visto Ejemplar/Existencia Fecha de Remplazo Tipo de Material
    Dewey Decimal Classification     Colección General Biblioteca FUSBC Biblioteca FUSBC 12/10/2018   G 232.12 M936v 11802 12/12/2019 Ej. 1 12/10/2018 Libros General

Biblioteca FUSBC | Teléfono: (57+4) 349 88 10 Ext. 141| WhatsApp (+57) 3005338115 
E-mail: biblioteca@unisbc.edu.co | Calle 76 87-14 Robledo Palenque, Medellín, Colombia

Con tecnología Koha